Break - Throughs!: how the vision and drive of innovators in sixteen companies created commercial break throughs that swept the world
Đã lưu trong:
| 主要作者: | |
|---|---|
| 格式: | 圖書 |
| 語言: | Undetermined |
| 出版: |
Canada
Collier Macmillan Canada
1986
|
| 主題: | |
| 標簽: |
添加標簽
沒有標簽, 成為第一個標記此記錄!
|
| Thư viện lưu trữ: | Trung tâm Học liệu Trường Đại học Cần Thơ |
|---|
| LEADER | 00623nam a2200193Ia 4500 | ||
|---|---|---|---|
| 001 | CTU_98576 | ||
| 008 | 210402s9999 xx 000 0 und d | ||
| 082 | |a 306.4 | ||
| 082 | |b N331 | ||
| 100 | |a Nayak, P. Ranganath | ||
| 245 | 0 | |a Break - Throughs!: | |
| 245 | 0 | |b how the vision and drive of innovators in sixteen companies created commercial break throughs that swept the world | |
| 245 | 0 | |c P. Ranganath Nayak, John M. Ketteringham | |
| 260 | |a Canada | ||
| 260 | |b Collier Macmillan Canada | ||
| 260 | |c 1986 | ||
| 650 | |a Inventions | ||
| 904 | |i Hiếu | ||
| 980 | |a Trung tâm Học liệu Trường Đại học Cần Thơ | ||